Statistiques concernant Top 10 des marques de voitures les plus vendues en 2023

Cliquez ici pour prendre le quiz!

Statistiques générales

  • Ce quiz a été pris 674 fois
  • Le résultat moyen est 5 sur 10

Statistiques - réponses

ClassementRéponses% Correct
8BMW
86%
9Mercedes
86%
1Toyota
68%
10Tesla
60%
2Volkswagen
52%
5Nissan
47%
4Honda
44%
6Hyundai
43%
7Kia
35%
3Chevrolet
27%

Distribution des résultats

Percentile par nombre de réponses

% des personnes avec chaque résultat

Votre développement - résultats

Vous n’avez pas pris ce quiz